Capitaine Chance et les Noix de Coco. (Record no. 21875)

MARC details
000 -LEADER
fixed length control field 00577nam a22001697a 4500
003 - CONTROL NUMBER IDENTIFIER
control field OSt
005 - DATE AND TIME OF LATEST TRANSACTION
control field 20260513114043.0
008 - FIXED-LENGTH DATA ELEMENTS--GENERAL INFORMATION
fixed length control field 260508b |||||||| |||| 00| 0 eng d
040 ## - CATALOGING SOURCE
Transcribing agency Chuka University.
050 ## - LIBRARY OF CONGRESS CALL NUMBER
Classification number PZ 23
Item number .N45 2013
100 ## - MAIN ENTRY--PERSONAL NAME
Personal name Nelly Elsie.
9 (RLIN) 24052
245 ## - TITLE STATEMENT
Title Capitaine Chance et les Noix de Coco.
260 ## - PUBLICATION, DISTRIBUTION, ETC.
Place of publication, distribution, etc. Australia.
Name of publisher, distributor, etc. Beauchemin Cheneliere Education.
Date of publication, distribution, etc. 2013.
300 ## - PHYSICAL DESCRIPTION
Extent 16p.
Other physical details Coloured Illustrations.
650 ## - SUBJECT ADDED ENTRY--TOPICAL TERM
Topical term or geographic name entry element 1)Coconuts...Juvenile Fiction;2)Children Stories,French;3)Adventure and Adventurs...Juvenile Fiction.
9 (RLIN) 24053
942 ## - ADDED ENTRY ELEMENTS (KOHA)
Source of classification or shelving scheme Library of Congress Classification
Koha item type French Collection
Suppress in OPAC No
Holdings
Withdrawn status Lost status Source of classification or shelving scheme Damaged status Not for loan Collection Home library Current library Shelving location Date acquired Total Checkouts Full call number Barcode Date last seen Cost, replacement price Price effective from Koha item type
    Library of Congress Classification     General Collection Books Main Campus Library Main Campus Library Fiction 08/05/2026   PZ 23 .N45 2013. 31110/2026. 08/05/2026 1549.80 08/05/2026 Long Loan Books

Powered by Koha